000
00322 a2200109 4500
001
ART_41864
005
20260410162023.0
008
260409a
245
1
0
_a
La reforma del Consejo de la Magistratura
100
1
_a
Badeni, Gregorio
773
0
_t
Jurisprudencia Argentina
_g
- NÂș 1 (abr. 2006)
_w
REV41622
999
_c
33342
_d
33342